| 000 | 00561nam a2200181 a 4500 | ||
|---|---|---|---|
| 001 | 000037125 | ||
| 005 | 20200930080146.0 | ||
| 008 | 120216s1983 cr a 000 0 spa d | ||
| 020 | _a8489400172 | ||
| 040 |
_aDO-SdBNP _bspa _cBNPHU |
||
| 082 |
_axxxx _bE77a |
||
| 100 | 1 |
_aEspina Pérez, Dario _941983 |
|
| 245 | 1 | 0 |
_aApicultura trópical / _cDario Espina Pérez, Gonzalo S. Ordetx. |
| 250 | _a3a ed. | ||
| 260 |
_aCosta Rica : _bEditorial Tecnológica de Costa Rica, _c1983. |
||
| 300 |
_a486 p. : _bils, retr. ; _c22 cm. |
||
| 700 | 1 |
_aOrdetx, Gonzalo S. _963531 |
|
| 999 |
_c36615 _d36615 |
||